00909 2200193 4500001002100000005001500021035002000036008004100056245003000097100001500127250000600142260003200148300001200180084001400192082000800206650001000214520047900224990001200703INLIS00000000000102120240528092509 a0010-0524000256240528 1 ind 1 aTentang Kamu /cTere Liye aLiye, Tere a1 aJakarta :bRepublika,c2016 a524 hlm a813 TER t a813 4aFiksi aTerima kasih untuk kesempatan mengenalmu, itu adalah salah satu anugerah terbesar hidupku. Cinta memang tidak perlu ditemukan, cintalah yang akan menemukan kita. Terima kasih. Nasihat lama itu benar sekali, aku tidak akan menangis karena sesuatu telah berakhir, tapi aku akan tersenyum karena sesuatu itu pernah terjadi. Masa lalu. Rasa sakit. Masa depan. Mimpi-mimpi. Semua akan berlalu, seperti sungai yang mengalir. Maka biarlah hidupku mengalir seperti sungai kehidupan. a0743999